Network theory: an introductory course

I tiakina i:
Ngā taipitopito rārangi puna kōrero
Ngā kaituhi matua: Huang, Thomas S (Author), Parker, Ronald R (Author)
Hōputu: Pukapuka
Reo:Ingarihi
I whakaputaina: Reading Addison-Wesley 1971
Rangatū:Addison-Wesley Series in Electrical Engineering
Ngā marau:
Ngā Tūtohu: Tāpirihia he Tūtohu
Kāore He Tūtohu, Me noho koe te mea tuatahi ki te tūtohu i tēnei pūkete!

MARC

LEADER 00000nam a2200000 a 4500
001 UCU5241
003 CL-VaPUC
008 960531e19710000US |||||||||||||||||eng|d
082 0 4 |a 621.319  |b HUA  |2 21 
100 |a Huang, Thomas S  |e author  |9 425546 
700 0 |a Parker, Ronald R  |e author  |9 363140 
245 1 0 |a Network theory: an introductory course 
300 |a 653 p 
942 |c BK 
945 |d 19960531 00:00:00  |a lriquelm 
260 |a Reading  |b Addison-Wesley  |c 1971 
650 0 |a Circuitos eléctricos   |9 260262 
650 0 |a Ecuaciones  |9 260137 
650 0 |a Circuitos electrónicos  |9 260204 
650 0 |a Conductores eléctricos  |9 263132 
583 |a last modification  |c 19960531 00:00:00  |k Rodrigo Vera 
490 0 |a Addison-Wesley Series in Electrical Engineering 
999 |c 248666  |d 248664